| 000 | 02683cam a22005654i 4500 | ||
|---|---|---|---|
| 003 | PE-LiUPU | ||
| 005 | 20250731180154.0 | ||
| 008 | 150706s2012 mx a r 000 0 spa d | ||
| 020 | _a97809763766641 | ||
| 035 | _a(Sirsi) i9780976376664 | ||
| 040 |
_aPE-LiUPU _bspa _cPE-LiUPU _erda |
||
| 049 | _aPRUA | ||
| 082 | 0 | 4 |
_a574.8 _bL5 _221 |
| 245 | 0 | 0 |
_aLewin. Células / _ceditado por: Lynne Cassimeris, Wishwanath R. Lingappa y George Plopper ; traducido por Bernardo Rivera Muñoz. |
| 250 | _aSegunda edición. | ||
| 264 | 1 |
_aMéxico : _bMcGraw-Hill, _c2012. |
|
| 300 |
_a1054 páginas : _bilustraciones ; _c27 centímetros. |
||
| 336 |
_atext _2rdacontent |
||
| 337 |
_aunmediated _2rdamedia |
||
| 338 |
_avolume _2rdacarrier |
||
| 505 | 0 | _a¿Qué es una célula? -- Bioenergética y metabolismo celular -- Replicación, reparación y recombinación del DNA -- Expresión y regulación de gen -- Estructura y función de proteína -- Membranas y mecanismos de transporte -- Transporte de iones y moléculas pequeñas a través de membranas -- Direccionamiento de proteínas hacia membrana -- Tráfico de proteína entre membranas -- El Núcleo -- Estructura y transporte nucleares -- Cromatina y cromosomas -- Microtúbulos -- Actina -- Filamentos intermedios -- División celular, apoptosis y cáncer -- Mitosis -- Regulación del ciclo celular -- Apoptosis -- Cáncer -- Comunicación celular -- Principios y perspectiva general -- Principios de la emisión de señales celulares -- La matriz extracelular y adhesión celular -- Células y plantas procariontes -- Biología celular procarionte -- Biología celular de vegetales. | |
| 526 | _aSEG44 | ||
| 526 | _aSEG26 | ||
| 526 | _aP159 | ||
| 526 | _aP155 | ||
| 526 | _aP154 | ||
| 526 | _aP153 | ||
| 526 | _aP150 | ||
| 526 | _aP100 | ||
| 526 | _aP31 | ||
| 526 | _aP30 | ||
| 526 | _aP26 | ||
| 526 | _aP25 | ||
| 526 | _aP24 | ||
| 526 | _aP22 | ||
| 526 | _aP15 | ||
| 526 | _aP10 | ||
| 650 | 1 | 4 | _aCélulas |
| 700 | 1 |
_aCassimeris, Lynne, _eeditor. |
|
| 700 | 1 |
_aLingappa, Vishwanath R., _eeditor. |
|
| 700 | 1 |
_aPlopper, George, _eeditor. |
|
| 700 | 1 |
_aRivera Muñoz, Bernardo, _etraductor. |
|
| 910 | _agl | ||
| 942 |
_2ddc _cBK |
||
| 949 |
_a574.8 L5 _wDEWEY _c1 _i69630 _lCCODEBUL1 _mBUL _p105.00 _r0 _sY _tBOOK _u2015-7-6 _xSALUD _o.STAFF. Colección General |
||
| 949 |
_a574.8 L5 _wDEWEY _c2 _i69631 _lCCODEBUL1 _mBUL _p105.00 _r0 _sY _tBOOK _u2015-7-6 _xSALUD _o.STAFF. Colección General |
||
| 980 |
_81 _gALBERTO SANCHEZ Responsable de Automatización |
||
| 999 |
_c56279 _d56279 |
||